| 000 | 00553nam a2200169 i 4500 | ||
|---|---|---|---|
| 001 | bg | ||
| 100 | 1 | _aBORKOWSKI, Józef | |
| 245 | 0 |
_aPodstawy teoretyczne, narzędzia i technologia obróbki ścierniwem związanym / _cJ. Borkowski. Cz.1: Podstawy teoretyczne. |
|
| 260 |
_aKoszalin, _c1984. |
||
| 490 | 1 | _aSkrypty / Wyższa Szkoła Inżynierska w Koszalinie | |
| 830 | 0 | _aSkrypty (Wyższa Szkoła Inżynierska w Koszalinie) | |
| 040 | _cBPK | ||
| 041 | _apol | ||
| 080 | _a621.92(075.8) | ||
| 942 | _cKS | ||
| 008 | s pl f |000 0 pol | ||
| 999 |
_c1267 _d1267 |
||
| 856 |
_uhttp://koha.tu.koszalin.pl/cgi-bin/koha/opac-detail.pl?biblionumber=1267 _yKatalog online BPK |
||